| 000 | 00682cam a22002291 4500 | ||
|---|---|---|---|
| 001 | 000019917 | ||
| 005 | 20200929170205.0 | ||
| 008 | 721130s1966 ilu b 000 0 eng | ||
| 010 | _a66011866 | ||
| 035 | _a(OCoLC)504885 | ||
| 040 |
_aDO-SdBNP _cODaWU _dOCoLC _dDLC |
||
| 042 | _apremarc | ||
| 050 | 0 | 0 |
_aJX1954 _b.M53 1966 |
| 100 | 1 |
_aMitrany, David, _d1888- _942477 |
|
| 245 | 1 | 2 |
_aA working peace system. / _cIntrod. by Hans J. Morgenthau. |
| 260 |
_aChicago, : _bQuadrangle Books, _c1966. |
||
| 300 |
_a221 p. ; _c22 cm. |
||
| 504 | _aBibliographical footnotes. | ||
| 650 | 0 |
_aInternational organization. _942478 |
|
| 910 | _aCatalogación derivada / LC | ||
| 082 | _a341.1 | ||
| 999 |
_c19430 _d19430 |
||